[Event "Havana Giraldilla op"]
[Site "Havana"]
[Date "2024.08.15"]
[Round "7"]
[White "Torres Ymas, Diego"]
[Black "Luque Anazco, Ruben"]
[Result "1-0"]
[WhiteElo "1965"]
[BlackElo "1730"]
[PlyCount "153"]
[EventDate "2024.08.12"]
[EventType "swiss"]
[EventRounds "9"]
[EventCountry "CUB"]
[SourceTitle "CBM 221 Extra"]
[Source "ChessBase"]
[SourceDate "2024.09.30"]
[SourceVersion "1"]
[SourceVersionDate "2024.09.30"]
[SourceQuality "1"]

1. e4 c5 2. c3 Nf6 3. e5 Nd5 4. Nf3 e6 5. d4 cxd4 6. cxd4 Bb4+ 7. Bd2 a5 8. Bc4 Nb6 9. Bd3 d5 10. a3 Bxd2+ 11. Qxd2 Bd7 12. 0-0 Nc4 13. Qe2 Nb6 14. Nc3 0-0 15. Nd2 f5 16. exf6 Qxf6 17. Nf3 Nc6 18. Qe3 a4 19. Rae1 h6 20. Bb5 Qf4 21. Qd3 Qf5 22. Qe2 Qf4 23. Qd1 Ra5 24. Bxc6 Bxc6 25. Rxe6 Nc4 26. Re2 Nd6 27. Ne5 Rf6 28. Qd2 Qxd2 29. Rxd2 Nc4 30. Nxc4 dxc4 31. d5 Bd7 32. Re1 Bf5 33. Rd4 Bd3 34. d6 Ra8 35. Nd5 Rf7 36. Nc7 Rd8 37. Ne6 Rdd7 38. Nc5 Rd8 39. d7 Bf5 40. Re8+ Rf8 41. Rxf8+ Kxf8 42. Rf4 Ke7 43. Rxf5 b6 44. Ne4 Rxd7 45. g3 Rd4 46. Nc3 Kd7 47. Nxa4 Kc6 48. Rf7 b5 49. Nc3 Rd2 50. Rxg7 Rxb2 51. Kf1 Rb3 52. Nd1 Rxa3 53. Ke2 b4 54. Rg6+ Kc5 55. Rg8 Ra2+ 56. Ke3 Ra3+ 57. Ke4 Rd3 58. Rc8+ Kb5 59. Nb2 Rd2 60. Rb8+ Kc5 61. Na4+ Kc6 62. Rb6+ Kd7 63. Rxb4 Rxf2 64. h4 Re2+ 65. Kf3 Rc2 66. Rxc4 Ra2 67. Kg4 Ke7 68. Kh5 Kf6 69. Kxh6 Rd2 70. Rf4+ Ke5 71. Kg5 Rd8 72. h5 Rg8+ 73. Kh4 Rg7 74. Rf1 Rd7 75. g4 Rd2 76. h6 Rc2 77. Kh5 1-0

[Event "Capablanca Memorial op 57th"]
[Site "Havana"]
[Date "2024.05.10"]
[Round "8"]
[White "Torres Ymas, Diego"]
[Black "Villalba Velazquez, Ander Ivan"]
[Result "0-1"]
[WhiteElo "2148"]
[BlackElo "2114"]
[PlyCount "146"]
[EventDate "2024.05.03"]
[EventType "swiss"]
[EventRounds "10"]
[EventCountry "CUB"]
[SourceTitle "EXT 2025"]
[Source "ChessBase"]
[SourceDate "2024.10.14"]
[SourceVersion "1"]
[SourceVersionDate "2024.10.14"]
[SourceQuality "1"]

1. e4 Nf6 2. e5 Nd5 3. d4 d6 4. Nf3 dxe5 5. Nxe5 c6 6. Nf3 Bf5 7. Be2 e6 8. 0-0 Bd6 9. c4 Nf4 10. Nc3 Nxe2+ 11. Qxe2 0-0 12. Bg5 Qc7 13. Rac1 h6 14. Be3 Nd7 15. h3 Nf6 16. Nh4 Bh7 17. Qf3 Qe7 18. g3 Bb4 19. Ng2 Bd3 20. Ne2 Be4 21. Qf4 g5 22. Qe5 Bd3 23. Bxg5 hxg5 24. Qxg5+ Kh8 25. Qh6+ Nh7 26. Ngf4 Bxe2 27. Nxe2 Qg5 28. Qxg5 Nxg5 29. Kg2 Ne4 30. Rfd1 Rad8 31. f3 Nf6 32. Nf4 Bd6 33. Nd3 Rg8 34. g4 Nh5 35. Kf1 Nf4 36. Nf2 Be7 37. Rc2 Rd7 38. Ne4 Rgd8 39. Rcd2 Bb4 40. Nc3 c5 41. d5 Bxc3 42. bxc3 exd5 43. Kf2 d4 44. Rc2 dxc3 45. Rxd7 Rxd7 46. Rxc3 Rd3 47. Rc2 Ne6 48. Re2 Kg7 49. h4 Nd4 50. Re7 Rxf3+ 51. Kg2 Ra3 52. Rxb7 Rxa2+ 53. Kg3 a5 54. g5 Ne6 55. Ra7 a4 56. Kg4 a3 57. Kf5 Rf2+ 58. Ke5 a2 59. Kd5 Nd4 60. h5 Nb3 61. g6 a1Q 62. Rxa1 Nxa1 63. gxf7 Nb3 64. Kc6 Rxf7 65. Kb5 Rf5 66. Ka4 Nd2 67. h6+ Kxh6 68. Kb5 Kg5 69. Ka5 Kf4 70. Kb6 Ke4 71. Kb7 Rf6 72. Ka8 Rf7 73. Kb8 Ke5 0-1